Encyclopedia of Library and Information Science
| Format: | Book |
|---|---|
| Language: | Undetermined |
| PhysicalDescription: | 428 s. |
| Published: |
New York
Marcel Dekker
1987
|
MARC
| LEADER | 00000nam a2200000 a 4500 | ||
|---|---|---|---|
| 001 | vtls001430372 | ||
| 003 | SK-MaSNL | ||
| 005 | 20260224113211.0 | ||
| 008 | 020304s1987 xx 0 und | ||
| 035 | |a SNK000385399 | ||
| 040 | |a SNK |b slo |c SNK |e AACR2 | ||
| 245 | 1 | |a Encyclopedia of Library and Information Science | |
| 260 | |a New York |b Marcel Dekker |c 1987 | ||
| 300 | |a 428 s. | ||
| 999 | |c 985673 |d 987603 | ||
| 952 | |t snkENC/42 02(031) |a SNKUST |b SNKUST |y PREZ |7 0 |p 17A0335996 |o snkIC 48604/42 |i snkZK 1935/89 |0 0 |1 0 |4 0 |d 2002-03-04 |l 0 |r 2025-03-19 00:00:00 |w 2026-02-24 | ||


